| 000 | 00977cam a2200289 a 4500 | ||
|---|---|---|---|
| 001 | 2137278 | ||
| 003 | SISC | ||
| 005 | 20160314154256.0 | ||
| 008 | 971114s1997 enkb b 001 0 eng | ||
| 010 | _a 97215389 | ||
| 020 | _a0415145910 | ||
| 040 |
_aDLC _cDLC _dDLC |
||
| 050 | 0 | 0 |
_aPE 1075 _b.C968 1997 |
| 082 | 0 | 0 |
_aHS 820.9 _bC899 |
| 100 | 1 |
_aCulpeper, Jonathan, _d1966- _915547 |
|
| 245 | 1 | 0 |
_aHistory of English / _cJonathan Culpeper |
| 260 |
_aLondon ; _aNew York : _bRoutledge, _cc1997. |
||
| 300 |
_aix, 103 p. : _bmaps ; _c25 cm. |
||
| 440 | 0 |
_aLanguage workbooks _915548 |
|
| 650 | 0 |
_aEnglish language _xHistory. _915549 |
|
| 650 | 0 |
_aEnglish language _xHistory _xProblems, exercises, etc. _915550 |
|
| 856 | 4 | 2 |
_3Publisher description _uhttp://www.loc.gov/catdir/enhancements/fy0649/97215389-d.html |
| 906 |
_a7 _bcbc _corignew _d3 _encip _f19 _gy-gencatlg |
||
| 942 |
_2lcc _cBK |
||
| 999 |
_c534 _d534 |
||